[Event "RUS-ch Boys U21 2020"]
[Site "Moscow"]
[Date "2020.12.13"]
[Round "6.2"]
[White "Smirnov, Timofey"]
[Black "Triapishko, Alexandr"]
[Result "1/2-1/2"]
[WhiteElo "2394"]
[BlackElo "2506"]
[Annotator "TA"]
[PlyCount "74"]
[EventDate "2020.12.08"]
[EventType "tourn"]
[EventCountry "RUS"]
[SourceTitle "playchess.com"]
[Source "ChessBase"]
[SourceQuality "1"]

{[%evp 11,74,0,0,-14,0,-14,0,0,35,25,30,12,32,0,0,0,0,0,0,-6,0,-19,14,18,17,8,12,10,16,21,27,19,18,16,16,22,28,20,21,25,32,15,15,10,37,36,44,19,39,0,0,0,0,0,0,-51,0,0,0,0,0,0,0,0,0]} 1. e4 e5 2. Nf3 Nc6 3. d4 exd4 4. Nxd4 Bc5 5. Nb3 Bb6 6. Nc3 Nf6 7. Qe2 {C45: Scotch Game.} O-O 8. Bg5 Nd4 9. Qd2 Ne6 10. Be3 c6 {[#]} 11. O-O-O $146 ({Predecessor:} 11. Be2 d5 12. exd5 Bxe3 13. Qxe3 Nxd5 14. Nxd5 Qxd5 15. O-O Nc7 16. Qf4 Qd8 17. Rad1 {0-1 (57) Istona,M (2263)-Prithu,G (2293) Prague 2017}) 11... a5 {[%cal Ba7a5,Ba5a4,Ba4a3][%mdl 32]} 12. f3 a4 {[#] Hoping for ...Bxe3.} 13. Bxb6 Qxb6 14. Nd4 a3 {[%csl Ga3][%cal Rb6b2]} 15. b3 d5 16. e5 Qxd4 17. Qxd4 Nxd4 18. exf6 Nf5 19. fxg7 Kxg7 20. Bd3 Nh4 21. Ne2 Bf5 22. Nd4 Bxd3 23. Rxd3 Kf6 24. g3 Ng6 25. Re1 Rfe8 26. Rde3 Rxe3 27. Rxe3 $11 {[%mdl 4096] Endgame KRN-KRN} Nf8 28. f4 Ne6 29. c3 Nc5 30. Nc2 h5 31. Kd1 Ne4 32. Ke2 Re8 33. Kd3 (33. c4 $11) 33... Nc5+ (33... Kf5 $1 $15) 34. Kd4 {The position is equal.} Ne6+ 35. Kd3 Nc5+ 36. Kd4 Ne6+ 37. Kd3 Nc5+ {Weighted Error Value: White=0.09/Black=0.08} 1/2-1/2

[Event "RUS-ch Boys U21 2020"]
[Site "Moscow"]
[Date "2020.12.13"]
[Round "6.3"]
[White "Pogosyan, Stefan"]
[Black "Murzin, Volodar"]
[Result "*"]
[WhiteElo "2430"]
[BlackElo "2470"]
[Annotator "TA"]
[PlyCount "40"]
[EventDate "2020.12.08"]
[EventType "tourn"]
[EventCountry "RUS"]
[SourceTitle "playchess.com"]
[Source "ChessBase"]
[SourceQuality "1"]

{[%evp 15,27,33,47,-7,-7,-7,-8,-8,-9,0,0,0,4,0]} 1. Nf3 Nf6 2. g3 g6 3. b3 Bg7 4. Bb2 O-O 5. Bg2 c5 6. c4 Nc6 7. O-O d6 8. d4 Ne4 9. Nc3 {E60: King's Indian: Unusual lines and Fianchetto Variation without Nc3.} (9. e3 $14) 9... Nxc3 $11 {The position is equal.} 10. Bxc3 Bg4 11. e3 cxd4 12. exd4 Qb6 13. Re1 Rae8 14. Rc1 {[#] A rather calm draw.  Weighted Error Value: White=0.26/Black=0.03} {Predecessor:} Bxf3 $146 15. Bxf3 Nxd4 16. Bxb7 Qxb7 17. Bxd4 Rd8 18. Bxg7 Kxg7 19. Qd4+ Kg8 20. Rcd1 Rc8 {½-½ (33) Sowray,P (2320)-Hunt,A (2392) Birmingham 2000} *

[Event "RUS-ch Boys U21 2020"]
[Site "Moscow"]
[Date "2020.12.13"]
[Round "6.4"]
[White "Gaifullin, Artur"]
[Black "Ofitserian, Boris"]
[Result "1-0"]
[WhiteElo "2460"]
[BlackElo "2376"]
[Annotator "ChessBase"]
[PlyCount "69"]
[EventDate "2020.12.08"]
[EventType "tourn"]
[EventCountry "RUS"]
[SourceTitle "playchess.com"]
[Source "ChessBase"]
[SourceQuality "1"]
[TimeControl "40/5400+30:1800+30"]

1. d4 {[%emt 0:00:00]} Nf6 {[%emt 0:00:57]} 2. c4 {[%emt 0:00:00]} e6 {[%emt 0:02:40]} 3. Nf3 {[%emt 0:00:00]} b6 {[%emt 0:01:04]} 4. a3 {[%emt 0:00:02]} Bb7 {[%emt 0:00:27]} 5. Nc3 {[%emt 0:00:07]} g6 {[%emt 0:01:51]} 6. Qc2 {[%emt 0:00:20]} Bg7 {[%emt 0:02:00]} 7. e4 {[%emt 0:00:28]} d6 {[%emt 0:00:03]} 8. Be2 {[%emt 0:00:35]} Nbd7 {[%emt 0:04:58]} 9. O-O {[%emt 0:00:09]} O-O {[%emt 0:04:56]} 10. Be3 {[%emt 0:00:34]} h6 {[%emt 0:01:13]} 11. Nd2 {[%emt 0:01:19]} c5 {[%emt 0:03:21]} 12. d5 {[%emt 0:00:09]} Qe7 {[%emt 0:00:17]} 13. Rae1 {[%emt 0:01:11]} Ne5 {[%emt 0:05:37]} 14. h3 {[%emt 0:01:23]} g5 {[%emt 0:00:03]} 15. g3 {[%emt 0:03:30]} Ng6 {[%emt 0:29:24]} 16. Bf3 {[%emt 0:07:16]} Nh7 {[%emt 0:05:22]} 17. Kh2 {[%emt 0:08:17]} Rae8 {[%emt 0:04:35]} 18. dxe6 {[%emt 0:08:30]} Qxe6 {[%emt 0:04:34]} 19. Bg4 {[%emt 0:00:49]} Qe7 {[%emt 0:01:44]} 20. Bf5 {[%emt 0:02:33]} Nf6 {[%emt 0:00:45]} 21. Nd5 {[%emt 0:01:32]} Nxd5 {[%emt 0:00:56]} 22. cxd5 {[%emt 0:07:33]} Qf6 {[%emt 0:05:03]} 23. f4 {[%emt 0:04:11]} gxf4 {[%emt 0:08:16]} 24. gxf4 {[%emt 0:00:22]} Ba6 {[%emt 0:03:28]} 25. Rg1 {[%emt 0:01:19]} Ne7 {[%emt 0:02:00]} 26. Bd7 {[%emt 0:03:20]} Rd8 {[%emt 0:00:37]} 27. e5 {[%emt 0:00:15]} Qh4 {[%emt 0:02:54]} 28. Nf3 {[%emt 0:02:20]} Qh5 {[%emt 0:00:04]} 29. Bg4 {[%emt 0:00:06]} Qg6 {[%emt 0:00:03]} 30. f5 {[%emt 0:00:13]} Qh7 {[%emt 0:00:20]} 31. Qa4 {[%emt 0:02:08]} dxe5 {[%emt 0:04:18]} 32. f6 {[%emt 0:01:42]} Nxd5 {[%emt 0:01:32]} 33. fxg7 {[%emt 0:00:12]} Rfe8 {[%emt 0:00:06]} 34. Qxa6 {[%emt 0:00:12]} h5 {[%emt 0:00:55]} 35. Ng5 {[%emt 0:03:13]} 1-0

[Event "RUS-ch Boys U21 2020"]
[Site "Moscow"]
[Date "2020.12.13"]
[Round "6.5"]
[White "Lobanov, Sergei"]
[Black "Salemgareev, Tagir"]
[Result "1-0"]
[WhiteElo "2522"]
[BlackElo "2463"]
[Annotator "TA"]
[PlyCount "139"]
[EventDate "2020.12.08"]
[EventType "tourn"]
[EventCountry "RUS"]
[SourceTitle "playchess.com"]
[Source "ChessBase"]
[SourceQuality "1"]

{[%evp 17,139,0,0,2,24,14,9,19,22,23,25,12,28,9,29,36,0,-27,41,44,36,-23,0,-35,-44,-37,-37,-45,0,0,0,0,136,0,0,0,0,0,0,0,130,122,125,79,245,247,245,255,230,10,13,14,12,12,53,29,31,42,62,56,137,91,202,173,124,110,179,174,198,198,191,197,204,204,204,204,220,221,345,231,231,137,216,188,190,188,187,172,181,181,288,288,513,558,525,349,603,594,833,806,1537,922,1224,1199,1139,1150,29977,29978,29978,29979,29979,29979,29982,29983,29986,29987,29987,29985,29985,29986,29986,29986,29987,29988]} 1. e4 c5 2. Nf3 d6 3. d4 cxd4 4. Nxd4 Nf6 5. Nc3 a6 6. Be2 e5 7. Nb3 Be7 8. O-O O-O 9. Qd3 Be6 10. Bd2 {B92: Sicilian Najdorf: 6 Be2.} Nbd7 {is cutting edge theory.} 11. Nd5 Bxd5 12. exd5 {The position is equal.} Ne8 13. Na5 Rb8 {[#]} 14. Qh3 $146 ({Predecessor:} 14. Rad1 Bg5 15. Bb4 f5 16. Nc4 Be7 17. a4 b6 18. Qd2 g6 19. h4 Rf7 20. b3 {0-1 (50) Stukalov,M (2244)-Ponomarev,N (2290) ICCF email 2018}) 14... Ndf6 15. Bxa6 Ra8 (15... bxa6 16. Nc6 $16) 16. Bxb7 (16. Nxb7 $2 Qb6 $19) 16... Rxa5 17. b4 Qc7 (17... Ra7 $11 18. Bc6 Ne4) 18. bxa5 $14 Qxb7 19. c4 ({White should try} 19. Qb3 $1 $14 Qa8 20. Rfb1) 19... Qa6 20. Rfc1 Ne4 {[%mdl 1024] Black has compensation.} 21. Be1 N8f6 22. Rab1 Bd8 23. Rb8 $1 Qa7 (23... Bxa5 $2 24. Rxf8+ Kxf8 25. Qa3 $18) 24. Qc8 h5 (24... Be7 $11 25. Rb7 Qd4) 25. Qb7 ({Only move:} 25. Rcb1 $1 $16) 25... Qd4 $1 $11 26. h3 Nc5 27. Qa8 Be7 28. a6 Qb2 (28... Nd3 $11 {keeps the balance.} 29. Rd1 Ne4) 29. Rxf8+ $1 $16 (29. Rxb2 Rxa8 30. Rb5 Rxa6 $15) 29... Bxf8 30. Rc3 $1 $36 {[%mdl 2048] White is in control.} Qb1 $2 (30... Qa1 $16 {keeps fighting.} 31. Re3 Nd3) 31. Re3 $18 {Strongly threatening a7.} Qxa2 32. a7 Nfd7 33. Qb8 $2 (33. Rf3 $18 {Hoping for Qe8.} f6 34. Kh2) 33... Nxb8 $11 34. axb8=Q {Black must now prevent Qb4.} Qxc4 35. Qa8 Qc1 36. Kh2 Qc4 37. Rf3 e4 38. Re3 f5 (38... h4 $14) 39. Ra3 {aiming for Bc3.} Qd4 (39... Qc1 $16) 40. Qe8 {Threatens to win with Bc3.} Qxd5 41. Qxh5 Qe5+ (41... Qf7 $16 42. Qh4 d5) 42. Kg1 $18 Nd3 43. Ra5 d5 44. Bd2 Qb2 {[#]} 45. Be3 $1 ({Weaker is} 45. Rxd5 Qxd2 46. Rxf5 Qc1+ 47. Kh2 Qc7+ 48. g3 Qd7 $11) 45... Qb1+ 46. Kh2 Qb8+ 47. g3 Qe5 (47... Qd8 {was called for.}) 48. h4 ({Not} 48. Ra7 Qf6 $18) 48... Qe6 {[#]} 49. Ra8 (49. Qg5 $1 $18) 49... Qf6 (49... f4 $16) 50. Qg5 Qxg5 51. hxg5 {[%mdl 4096] Endgame KRB-KBN} ({Don't play} 51. Bxg5 $6 Kf7 $14) 51... g6 52. Rd8 Kf7 53. Rxd5 Be7 (53... Ke6 {might work better.} 54. Rd8 Be7) 54. f4 Ke6 $2 (54... Nb2 55. Bc5 Nd3) 55. Rb5 Bd6 56. Rb7 Be7 $2 {[#]} (56... Ne1 57. Rg7 Nc2 58. Rxg6+ Ke7 59. Rg7+ Ke6) 57. g4 $1 Bd6 (57... fxg4 58. Kg3) 58. Kg3 Nb4 59. Rg7 Nd5 60. Rxg6+ Kd7 61. Bc1 {Cut Off at move 61} e3 {[#]} 62. Rxd6+ $1 {White mates.} Kxd6 63. gxf5 {KB-KN} e2 64. Kf2 Kd7 65. Kxe2 Ne7 66. f6 Ng6 67. Kf3 Ke6 68. Kg4 Kf7 69. Bb2 Nf8 70. f5 {Weighted Error Value: White=0.23/Black=0.41} 1-0

[Event "RUS-ch Boys U21 2020"]
[Site "Moscow"]
[Date "2020.12.14"]
[Round "7.1"]
[White "Salemgareev, Tagir"]
[Black "Makarian, Rudik"]
[Result "1/2-1/2"]
[WhiteElo "2463"]
[BlackElo "2441"]
[Annotator "TA"]
[PlyCount "161"]
[EventDate "2020.12.08"]
[EventType "tourn"]
[EventCountry "RUS"]
[SourceTitle "playchess.com"]
[Source "ChessBase"]
[SourceQuality "1"]

{[%evp 18,161,12,10,13,15,19,18,9,8,17,14,4,0,0,0,0,-20,-19,-25,-25,-20,-19,-43,-4,-11,-12,-18,20,-35,-34,-35,-22,-38,-30,-55,-25,-27,-2,-14,-7,-20,0,0,183,178,180,182,182,183,172,168,164,165,140,124,268,249,239,97,97,99,97,98,90,90,93,97,100,100,106,66,108,46,56,66,125,8,8,8,8,8,8,0,0,0,0,0,0,0,125,0,0,0,125,0,0,0,125,125,125,125,125,125,125,125,125,125,125,125,125,125,125,125,125,125,125,125,125,125,125,115,125,109,108,90,90,17,21,16,16,16,17,8,18,8,8,8,8,8,8,8,8,8,8,0]} 1. e4 e5 2. Nf3 Nc6 3. Bb5 Nf6 4. O-O Nxe4 5. Re1 Nd6 6. Nxe5 Be7 7. Bf1 Nxe5 8. Rxe5 O-O 9. d4 Bf6 10. Re1 Re8 $1 {The main line 10...Re8 scores better than 10...Nf5. C67: Ruy Lopez: Berlin Defence: 4 0-0 Nxe4.} 11. c3 Rxe1 12. Qxe1 Ne8 13. d5 c6 14. Qd1 d6 15. Na3 Nc7 16. dxc6 bxc6 {[#]} 17. Bf4 $146 ({Predecessor:} 17. Be3 Ne6 18. Qd2 d5 19. Rd1 Bb7 20. Nc2 c5 21. b4 Rc8 22. bxc5 Nxc5 23. Bxc5 Rxc5 24. Nd4 {½-½ (37) Idani,P (2597)-Nihal,S (2606) Xingtai 2019}) 17... d5 18. Nc2 Ne6 19. Bg3 Qb6 20. Nb4 Bb7 21. Qc2 c5 22. Nd3 d4 23. c4 (23. Ne5 $11) 23... Be4 $15 24. Re1 Bg6 25. Qb3 h5 26. h4 Qxb3 (26... Qa5 {feels hotter.} 27. f3 Rd8 28. a3 Bf5 29. Rd1 Rf8) 27. axb3 Rd8 28. Ra1 Rd7 29. Be2 Be4 30. Ra6 Rb7 $2 {[#]} (30... Bf5 $11) 31. Rxe6 $1 $18 {[%mdl 576] Remove Defender} fxe6 32. Nxc5 {[%mdl 64] Double Attack} Rb6 33. Nxe4 Rxb3 34. c5 d3 35. Bxh5 Rxb2 36. Bg4 Rc2 (36... e5 $16 37. f4 d2) 37. Bxe6+ Kh8 {and the idea ...a5 leaves Black hopeful.} 38. Kh2 (38. Bf4 $1 $18 {and the rest is easy.}) 38... d2 $16 39. Nxd2 $1 Rxd2 {[%mdl 4096] Endgame KRB-KB} 40. c6 Bd8 41. c7 Bxc7 42. Bxc7 Rxf2 43. Kg3 Rf6 44. Bb3 {Black must now prevent Kg4.} a5 45. h5 ({Much worse is} 45. Bxa5 Ra6 $15) ({White should try} 45. Kg4 $1 $16) 45... Rc6 46. Be5 a4 (46... Rc5 $14 47. Kf4 a4) 47. Bf7 (47. Bxa4 $16 Rc5 48. Bd6 Rxh5 49. Be8) 47... a3 $11 48. Kg4 Kh7 49. Ba2 Kh8 50. g3 Rc2 51. Bb3 Re2 52. Kf4 {And now h6 would win.} a2 {Hoping for ...Rxe5!} 53. Bc3 {aiming for h6.} Rh2 {[#]} (53... Kh7 $11) 54. Kg4 ({White must play} 54. h6 $1 $16 {[%cal Rh6g7]} Rxh6 55. Bxa2) 54... Kh7 55. Bc4 Kh8 {[#]} (55... g6 $11 {keeps the balance.}) 56. Bb3 (56. h6 $1 $16 {[%cal Rh6g7]} Rxh6 57. Bxa2) 56... Kh7 57. Bc4 ({White should play} 57. Kg5 $11) 57... Kh8 $16 {[#]} 58. h6 $1 {[%cal Rh6g7][%mdl 64] Deflection} Rxh6 59. Bxa2 Rb6 60. Kf5 Ra6 61. Bd5 {Cut Off at move 61} Rb6 62. Be5 Ra6 63. Ke4 Ra4+ 64. Bd4 Ra3 65. Be3 Ra6 66. Kd4 Rg6 67. Bf4 Ra6 68. Kc5 Kh7 69. Bc4 Rf6 70. Be5 Rf2 71. Kd6 Kg6 72. Ke6 ({Better is} 72. Be6 $16) 72... Kg5 $1 $11 {The position is equal.} 73. Ke7 {next Be6 is good for White.} Kg4 $1 74. Be6+ Kf3 75. g4 Rf1 76. Bd4 {With the idea g5.} Re1 77. g5 Kf4 78. g6 Kg5 79. Kf7 Rxe6 80. Kxe6 {Threatening mate with Kf7.} Kxg6 81. Bxg7 {Black escapes into a draw.  Weighted Error Value: White=0.20/Black=0.23} 1/2-1/2

[Event "RUS-ch Boys U21 2020"]
[Site "Moscow"]
[Date "2020.12.14"]
[Round "7.2"]
[White "Ofitserian, Boris"]
[Black "Lobanov, Sergei"]
[Result "1-0"]
[WhiteElo "2376"]
[BlackElo "2522"]
[Annotator "TA"]
[PlyCount "59"]
[EventDate "2020.12.08"]
[EventType "tourn"]
[EventCountry "RUS"]
[SourceTitle "playchess.com"]
[Source "ChessBase"]
[SourceQuality "1"]

{[%evp 9,59,0,0,0,0,0,7,-4,0,-16,0,-10,0,-6,25,17,36,30,37,29,31,8,4,9,12,14,13,9,15,-40,-25,-11,0,0,0,0,0,-8,0,0,0,-8,48,47,132,135,174,85,241,241,311,320]} 1. c4 e5 2. d3 Nf6 3. Nf3 Nc6 4. a3 d5 5. cxd5 Nxd5 6. e4 {A20: English Opening: 1...e5.} Nb6 7. Be2 Be7 8. Be3 {[#] The position is equal.} f5 $146 ({Predecessor:} 8... O-O 9. O-O Be6 10. Nbd2 a5 11. Rc1 a4 12. Rxc6 bxc6 13. Nxe5 Bf6 14. Ndf3 Qc8 {½-½ (23) Gutierrez Olivares,D (2297)-Ortega Ruiz,J (2280) Linares 2018}) 9. Qc2 f4 10. Bc5 Be6 11. Nbd2 a5 12. O-O g5 {Threatening ...g4.} 13. d4 {Black must now prevent d5.} g4 14. d5 gxf3 15. Bxf3 Bxc5 16. Qxc5 Qd6 (16... Nd7 $6 17. Qc3 $16) 17. Qb5 {[%mdl 64] Pin} O-O-O 18. dxc6 Qxd2 19. cxb7+ (19. Rfd1 $11 Qc2 20. Rdc1) 19... Kxb7 $15 {aiming for ...Bc4.} 20. Rfd1 Qc2 {Threatens to win with ...Rxd1+.} 21. Rdc1 Qa4 $1 {[%cal Ra4b5]} ({Of course not} 21... Bd7 $6 22. Qxe5 (22. Rxc2 Bxb5 23. Rc5 c6 $19) (22. Qxb6+ cxb6 23. Rxc2 Ba4 $16) 22... Rde8 23. Qxf4 $16 (23. Rxc2 Rxe5 24. Rac1 c6 $17)) 22. Qxe5 Qd7 23. Qxa5 Bg4 24. Bxg4 Qxg4 25. Qe5 $132 {[%mdl 2048] White is not holding back} Rc8 (25... Rhg8 $11 26. Qxc7+ Ka6) 26. f3 $1 $14 {[%cal Rf3g4][%mdl 1024] White has compensation.} Qh4 {[#]} ({Black should try} 26... Qd7 $14) 27. a4 $1 $16 {[%cal Ba3a4,Ba4a5][%mdl 32] And now a5 would win.} Rhe8 28. Qc5 (28. Qf5 $18 {and White stays clearly on top.}) 28... Qf6 $2 (28... Qe7 $16 {was called for.}) 29. a5 $18 Na8 {[#]} 30. Qb5+ $1 {Weighted Error Value: White=0.11/Black=0.20} ({Less strong is} 30. a6+ Kb8 $16) 1-0

[Event "RUS-ch Boys U21 2020"]
[Site "Moscow"]
[Date "2020.12.14"]
[Round "7.3"]
[White "Murzin, Volodar"]
[Black "Gaifullin, Artur"]
[Result "1-0"]
[WhiteElo "2470"]
[BlackElo "2460"]
[Annotator "TA"]
[PlyCount "127"]
[EventDate "2020.12.08"]
[EventType "tourn"]
[EventCountry "RUS"]
[SourceTitle "playchess.com"]
[Source "ChessBase"]
[SourceQuality "1"]

{[%evp 27,127,25,20,21,34,21,33,17,47,45,43,43,47,39,71,22,39,31,36,35,93,88,190,129,221,197,183,106,168,135,243,206,212,225,225,245,229,233,223,230,233,201,210,129,179,77,91,115,114,77,443,443,443,443,443,443,443,443,443,443,443,443,435,435,435,428,428,428,428,428,428,428,428,428,976,428,12822,1998,1795,1452,12826,454,3089,4393,12829,12823,12820,12605,12808,11470,12843,12843,12843,12843,12844,12844,12845,12843,12842,12843,12843,12843]} 1. e4 c6 2. Nf3 d5 3. exd5 cxd5 4. Ne5 Nd7 5. d4 Ngf6 6. Bd3 g6 7. O-O Bg7 8. Re1 O-O 9. Nf3 Nb8 10. c3 Nc6 11. h3 Bf5 12. Bxf5 gxf5 13. Bf4 e6 14. Nbd2 Ne4 15. Nb3 {[#] B13: Caro-Kann: Exchange Variation and Panov-Botvinnik Attack.} Qb6 $146 ({Predecessor:} 15... Ne7 16. Be5 Ng6 17. Bxg7 Kxg7 18. Nc1 Nf4 19. Nd3 Nxd3 20. Qxd3 Kh8 21. Qe3 Qf6 22. Ne5 Rg8 23. f3 f4 {0-1 (59) Priasmoro,N (2502)-Petrosyan,M (2607) chess.com INT 2020}) 16. Re2 Ne7 17. Ne5 {Nd7 is the strong threat.White is slightly better.} Ng6 18. Nxg6 hxg6 19. f3 Nd6 20. Nc5 {aiming for Nd7.} Rfd8 21. Nd3 Nc4 22. Kh1 Re8 23. Qe1 f6 (23... Bf6 $14) 24. b3 Na5 (24... Na3 $16 {keeps fighting.}) 25. g4 (25. Qg3 $18) 25... Kf7 (25... fxg4 $16 26. hxg4 (26. fxg4 g5 $16) 26... g5) 26. g5 $18 Rh8 27. Rh2 ({White should try} 27. gxf6 $18 Bxf6 28. Qg3) 27... Qb5 (27... fxg5 $16 28. Bxg5 Qd6) 28. Qe2 {Threatens to win with Ne5+!} a6 (28... Qd7 $16) 29. gxf6 ({Don't play} 29. Re1 $6 Rae8 $16) 29... Bxf6 30. Be5 $1 {[%cal Re5f6] And now Bxf6 would win.} Nc6 {[#]} 31. Bxf6 $1 Kxf6 32. Rg1 {White threatens Rxg6+! and mate.} Rag8 33. a4 Qa5 {[#]} 34. Nc5 $1 {[%mdl 512]} Re8 35. Qe3 Rh5 36. Nd3 (36. Nxb7 $18 Qc7 37. Nc5) 36... Qxc3 $16 {[#]} 37. Rxg6+ $1 $40 {[%mdl 640] White goes for the king.} Kf7 (37... Kxg6 38. Nf4+) 38. f4 {Black must now prevent Rhg2.} Qxd4 $2 {[%mdl 8192] A mistake that costs the game.} (38... Qxd3 $16 {is tougher.} 39. Qxd3 Kxg6 40. Rg2+ Kf7) 39. Ne5+ $18 {White is clearly winning.} Qxe5 40. fxe5 {Intending Rf6+ and mate.} Kxg6 41. Rg2+ Kf7 42. Qg3 {[%csl Gg2][%cal Rg3g7]} Reh8 43. Qg6+ Ke7 44. Qf6+ Kd7 45. Rg7+ Kc8 46. Qxe6+ Kb8 47. Rg8+ Rxg8 48. Qxg8+ {[%mdl 4096] Endgame KQ-KRN} Ka7 49. Qxd5 Rxh3+ 50. Kg2 Rh4 (50... Rh8 $142 51. e6 Rg8+ 52. Kf2 f4) 51. Qc5+ (51. e6 $142 Rg4+ 52. Kh3) 51... Ka8 (51... Kb8 $142 52. e6 Rg4+ 53. Kh3 Re4 54. Qxf5 Re3+ 55. Kg2 Kc7 56. Qf7+ Kd6 57. Qd7+ Kc5) 52. Qf8+ Ka7 53. Qxf5 Rb4 54. Qf2+ (54. Qf3 $142 Rd4 55. e6 Rd2+ 56. Kf1) 54... Ka8 (54... Kb8 $142 55. Qf8+ Ka7) 55. Qf3 a5 56. e6 Ka7 57. Kf1 Rb6 58. Qe3 Ne7 {[#]} 59. b4 $1 {[%cal Bb3b4,Bb4b5][%mdl 32]} Ka6 (59... axb4 60. a5) 60. b5+ Ka7 {[#]} 61. Qc5 $1 Ng8 62. Kg2 Nf6 63. e7 Ne8 64. Qe3 {Weighted Error Value: White=0.47/Black=0.39} 1-0

[Event "RUS-ch Boys U21 2020"]
[Site "Moscow"]
[Date "2020.12.14"]
[Round "7.4"]
[White "Triapishko, Alexandr"]
[Black "Pogosyan, Stefan"]
[Result "1/2-1/2"]
[WhiteElo "2506"]
[BlackElo "2430"]
[Annotator "TA"]
[PlyCount "153"]
[EventDate "2020.12.08"]
[EventType "tourn"]
[EventCountry "RUS"]
[SourceTitle "playchess.com"]
[Source "ChessBase"]
[SourceQuality "1"]

{[%evp 11,152,10,11,20,34,-2,0,4,4,5,5,0,6,0,18,6,22,22,22,20,27,23,31,23,38,26,34,32,30,6,52,50,62,63,71,49,83,30,22,25,22,25,27,6,18,0,0,0,0,0,0,0,0,0,0,0,0,0,0,0,0,0,114,114,114,114,114,114,114,114,114,113,114,114,114,114,114,106,106,106,106,106,114,114,114,114,114,106,106,106,114,106,114,114,114,114,114,114,114,114,114,113,114,61,74,74,74,74,74,74,74,74,74,74,74,74,74,74,74,74,74,74,74,74,74,74,74,74,74,8,8,8,8,8,8,8,8,8,8,0,0,0,0]} 1. Nf3 Nf6 2. g3 d5 3. Bg2 Bf5 4. O-O e6 5. c4 c6 6. Qb3 Qb6 7. d3 {A11: English Opening: 1...c6.} Nbd7 8. Be3 (8. Qc2 {keeps more tension.} d4 9. Nh4 Bg6 10. Nd2 a5 11. Nxg6 hxg6 12. Nf3) 8... Qxb3 9. axb3 a6 {[#]} 10. Bd4 $146 ({Predecessor:} 10. Nc3 Rc8 11. Nd4 Bg6 12. cxd5 exd5 13. Nc2 Bd6 14. b4 O-O 15. Na4 Rfe8 16. Rfe1 {1-0 (55) Rozum,I (2590)-Kosteniuk,A (2537) Sochi 2016}) 10... Bd6 11. Bc3 e5 12. cxd5 cxd5 13. Nbd2 O-O {[#]} 14. e4 $1 {[%mdl 512]} Bg6 (14... dxe4 15. Nxe4) 15. exd5 {Hoping for Nc4.} Nxd5 16. Nc4 Nxc3 17. bxc3 Bc7 18. Rfe1 $36 {[%cal Rf3e5][%mdl 2048] White fights for an advantage.} Rae8 19. d4 exd4 20. cxd4 (20. Nxd4 {looks sharper.} Nc5 21. Ne3 Be5 22. b4 Nd3 23. Red1) 20... b5 21. Nce5 Nxe5 22. Nxe5 Bc2 23. b4 Bd6 24. Rec1 ({Better is} 24. Rxa6 $16 Bxb4 25. Re3) 24... Bf5 $11 25. Rxa6 Bxe5 26. dxe5 Rxe5 27. Bf1 Rb8 28. Ra5 g6 29. f4 Re4 30. Rxb5 Rxb5 31. Bxb5 Rxb4 {[%mdl 4096] Endgame KRB-KRB} 32. Bf1 Rb1 33. Rxb1 Bxb1 {KB-KB} 34. Kf2 h6 35. Ke3 f6 36. Bd3 Ba2 (36... Bxd3 $11 37. Kxd3 Kf7) 37. Bxg6 $16 Kg7 38. Bf5 Kf8 39. Kd4 Ke7 40. Kc5 Bb3 41. Kc6 Ba4+ 42. Kd5 Bb3+ {[#]} 43. Kc5 $1 Ba2 44. Bd3 Be6 45. Bc4 Bh3 46. Be2 Be6 47. Kd4 Bd7 48. Ke4 Bc8 49. Bc4 Bh3 50. Kf3 Bd7 51. Bd5 Bc8 52. g4 Bd7 53. Be4 Be6 54. Bf5 {aiming for Bxe6.} Bd5+ 55. Kg3 Kf7 56. Bc8 Bc6 57. f5 (57. Kf2 $16) 57... Be4 58. Be6+ Kf8 59. Bb3 Bc6 60. Bd1 Bd5 61. Bf3 {Cut Off at move 61} Bc4 62. Kf4 Ke7 63. h3 Bf1 64. Kg3 Kf8 65. Bg2 Bc4 66. Kf4 Ke7 67. h4 Be2 68. Bf3 Bc4 69. Be4 Be2 70. g5 ({White should try} 70. Bg2 $16) 70... hxg5+ $11 {The position is equal.} 71. hxg5 fxg5+ 72. Kxg5 Kf8 73. f6 Bc4 74. Bg6 Bd5 75. f7 Bc4 76. Kf6 Bxf7 77. Bxf7 {Weighted Error Value: White=0.05/Black=0.06} 1/2-1/2